Horsemanship 1 (Western Saddle) - Statistics

General Stats
  • This quiz has been taken 23 times
  • The average score is 7 of 16
Answer Stats
Answer % Correct
Seat
83%
Stirrup
83%
Horn
75%
Pommel
75%
Cinch
67%
Fender
67%
Skirt
58%
Cantle
50%
Latigo
42%
Off Billet
25%
Back Cinch Billet
17%
Dee Ring
17%
Fork
17%
Stirrup Leather (Inside)
17%
Strings
17%
Latigo Carrier
8%
No matching quizzes found
Score Distribution
Percent of People with Each Score
Percentile by Number Answered
Your Score History
You have not taken this quiz